North Central West Virginia Airport (Clarksburg, WV, USA) - Map - Statistics

General Stats
  • This quiz has been taken 16 times
  • The average score is 6 of 7
Answers on the Map
Answers color-coded by a green-red scale on the quiz's map according to % correct below.
 
Answer Stats
Destination % Correct
Chicago (O'Hare)
100%
Washington (Dulles)
100%
Charlotte
93%
Orlando/Sanford
93%
St. Petersburg/Clearwater
79%
Myrtle Beach
71%
Destin/Fort Walton Beach
57%
No matching quizzes found
Score Distribution
Percent of People with Each Score
Percentile by Number Answered
Your Score History
You have not taken this quiz